Los ovinos y su explotación; primera parte /

Guardado en:
Autor Principal: Irazoqui, Héctor
Formato: Libro
Publicado: Buenos Aires : Hemisferio Sur, 1987
Materias:
Etiquetas: Agregar Etiqueta
Sin Etiquetas, Sea el primero en etiquetar este registro!
LEADER 00575nam a22001935a 4500
001 CEM.cems016824
005 20131003175250.0
008 130507s1987##################000#0#####d
003 CEMS
082 0 4 |a 636.3 
100 1 |a Irazoqui, Héctor 
245 1 0 |a Los ovinos y su explotación; primera parte /  |c Héctor Irazoqui, 
260 |a Buenos Aires :  |b Hemisferio Sur,  |c 1987 
300 |a 201 p. 
653 |a Ovinos-reproducción 
653 |a Ovinos-alimentación 
653 |a Ovinos-explotación 
653 |a Ovinos 
859 |a CEMS  |b BIB. CEMS - Agricultura  |h 636.3  |i Ir18  |p A18180.95  |t Ej.1